<?xml version="1.0" encoding="UTF-8"?><?xml-stylesheet type="text/xsl" href="static/style.xsl"?><OAI-PMH xmlns="http://www.openarchives.org/OAI/2.0/" xmlns:xsi="http://www.w3.org/2001/XMLSchema-instance" xsi:schemaLocation="http://www.openarchives.org/OAI/2.0/ http://www.openarchives.org/OAI/2.0/OAI-PMH.xsd"><responseDate>2026-06-07T13:53:10Z</responseDate><request verb="GetRecord" identifier="oai:docta.ucm.es:20.500.14352/12187" metadataPrefix="marc">https://docta.ucm.es/rest/oai/request</request><GetRecord><record><header><identifier>oai:docta.ucm.es:20.500.14352/12187</identifier><datestamp>2024-04-17T12:35:23Z</datestamp><setSpec>com_20.500.14352_14</setSpec><setSpec>col_20.500.14352_15</setSpec></header><metadata><record xmlns="http://www.loc.gov/MARC21/slim" xmlns:dcterms="http://purl.org/dc/terms/" xmlns:xsi="http://www.w3.org/2001/XMLSchema-instance" xmlns:doc="http://www.lyncode.com/xoai" xsi:schemaLocation="http://www.loc.gov/MARC21/slim http://www.loc.gov/standards/marcxml/schema/MARC21slim.xsd">
   <leader>00925njm 22002777a 4500</leader>
   <datafield ind2=" " ind1=" " tag="042">
      <subfield code="a">dc</subfield>
   </datafield>
   <datafield ind2=" " ind1=" " tag="720">
      <subfield code="a">Cicuéndez Maroto, Mónica</subfield>
      <subfield code="e">author</subfield>
   </datafield>
   <datafield ind2=" " ind1=" " tag="720">
      <subfield code="a">Flores, Joana</subfield>
      <subfield code="e">author</subfield>
   </datafield>
   <datafield ind2=" " ind1=" " tag="720">
      <subfield code="a">Oliveira, Helena</subfield>
      <subfield code="e">author</subfield>
   </datafield>
   <datafield ind2=" " ind1=" " tag="720">
      <subfield code="a">Portolés Pérez, María Teresa</subfield>
      <subfield code="e">author</subfield>
   </datafield>
   <datafield ind2=" " ind1=" " tag="720">
      <subfield code="a">Vallet Regí, María Dulce Nombre</subfield>
      <subfield code="e">author</subfield>
   </datafield>
   <datafield ind2=" " ind1=" " tag="720">
      <subfield code="a">Vila, Mercedes</subfield>
      <subfield code="e">author</subfield>
   </datafield>
   <datafield ind2=" " ind1=" " tag="720">
      <subfield code="a">Duarte, Lola F</subfield>
      <subfield code="e">author</subfield>
   </datafield>
   <datafield ind2=" " ind1=" " tag="260">
      <subfield code="c">2018-05-18</subfield>
   </datafield>
   <datafield ind2=" " ind1=" " tag="520">
      <subfield code="a">Nanographene oxide  (nGO)-mediated hyperthermia has been  increasingly investigated as a localized, minimally invasive anticancer therapeutic approach. Near  InfraRed (NIR)  light  irradiation for  inducing hyperthermia  is particularly  attractive,  because biological systems   mostly   lack   chromophores  that   absorb  in  this   spectral window, facilitating the  selective heating and  destruction of cells  which have  internalized the  NIR absorbing- nanomaterials. However, little  is known about biological eﬀects accompanying nGO-mediated hyperthermia at cellular and molecular levels.  In this work,  well-characterized pegylated nGO sheets  with  a hydrodynamic size of 300 nm were  incubated with  human Saos-2 osteosarcoma cells for 24 h and their internalization veriﬁed by ﬂow cytometry and  confocal microscopy. No eﬀect on cell viability was  observed after  nGO uptake by Saos-2  cells. However, a  proliferation delay  was  observed due  to  the  presence of nGO  sheets  in  the  cytoplasm. 1H NMR metabolomics was employed to screen for changes in the metabolic proﬁle of cells, as this could  help  to improve understanding of cellular responses to  nanomaterials and  provide new  endpoint markers of eﬀect. Cells inter- nalizing nGO sheets  showed noticeable changes in several metabolites compared to control cells, including decreased levels  of several amino acids,  taurine and  creatine and  increased levels  of phosphocholine and  ur- idine/adenosine nucleotides. After NIR irradiation, cells showed decreases in glutamate and uridine nucleotides, together with  increases in glycerophosphocholine and  adenosine monophosphate. Overall, this study  has shown that  the  cellular metabolome sensitively responded to nGO exposure and  nGO-mediated hyperthermia and  that NMR metabolomics is a powerful tool  to investigate treatment responses.</subfield>
   </datafield>
   <datafield ind1="8" ind2=" " tag="024">
      <subfield code="a">0928-4931</subfield>
   </datafield>
   <datafield ind1="8" ind2=" " tag="024">
      <subfield code="a">10.1016/j.msec.2018.05.057</subfield>
   </datafield>
   <datafield ind1="8" ind2=" " tag="024">
      <subfield code="a">https://hdl.handle.net/20.500.14352/12187</subfield>
   </datafield>
   <datafield ind1="8" ind2=" " tag="024">
      <subfield code="a">https://www.journals.elsevier.com/materials-science-and-engineering-c</subfield>
   </datafield>
   <datafield ind1="8" ind2=" " tag="024">
      <subfield code="a">http://www.ucm.es/valletregigroup</subfield>
   </datafield>
   <datafield ind2="0" ind1="0" tag="245">
      <subfield code="a">Metabolomic response of osteosarcoma cells to nanographene oxide-mediated hyperthermia.</subfield>
   </datafield>
</record></metadata></record></GetRecord></OAI-PMH>